Society for Industrial and Applied Mathematics and Association for Computing Machinery. Proceeding of the ACM-SIAM Symposium on Discrete Algorithms

Bibliographic Details
Format: Electronic Journal
Language:English
Published: Philadelphia, Pennsylvania : Society for Industrial and Applied Mathematics
Subjects:
Online Access:Full text available from Research Library: 01/01/2009 to 01/31/2012

MARC

LEADER 00000nas a2200000 i 4500
001 ssj0001077957
003 WaSeSS
005 20200512172242.0
006 m d
007 cr n
008 140106c20uu9999paua| p|s|||||| |0eng d
035 |a (WaSeSS)ssj0001077957 
040 |a WaSeSS  |b eng  |c WaSeSS  |d WaSeSS 
050 1 4 |a QA76.6 
245 0 0 |a Society for Industrial and Applied Mathematics and Association for Computing Machinery. Proceeding of the ACM-SIAM Symposium on Discrete Algorithms  |h [electronic resource]. 
260 |a Philadelphia, Pennsylvania :  |b Society for Industrial and Applied Mathematics 
310 |a Annual 
506 |a License restrictions may limit access. 
588 |a Description based on: 2009; title from title screen (ProQuest, viewed Jan. 6, 2014). 
588 |a Latest issue consulted: (2013) (viewed Jan. 6, 2014). 
650 0 |a Computer programming  |x Congresses  |v Periodicals. 
650 0 |a Computer algorithms  |x Congresses  |v Periodicals. 
655 0 |a Electronic journals. 
856 4 0 |z Full text available from Research Library: 01/01/2009 to 01/31/2012  |u https://search.proquest.com/publication/676299